000 00941njm a22002777a 4500
005 20100914132412.0
006 a|||||r|||||00| 0
007 sd ammalaaahaa
008 100910t xxu||||| |||| 00| 0 eng d
028 _aMOCE-4007
_bOdeon
035 _aGR-02082
040 _aSED/VEN
100 _91184
_aLata Mangeskar
245 _aKabhi dhoop kabhi chhaon 1 & 2 /
_hSound Recording
_cby Lata Mangeskar ; music ChitraGupta
260 _aDum Dum, India
_bOdeon
300 _a1 sound disc : [Gramophone Record]
_banalog, 33 1/3 rpm
_c12 in. (LP)
_fGramophone Records
500 _aBrief record.
500 _aOdeon
500 _aBlack
505 _aPart 1 Main Jaloon tu bhi jale Part 2 Badli main chand hain
650 _xExcerpts
_zIndia
_919370
_aClassical music
_vFilmi song
700 _919754
_aChitraGupta
700 _919372
942 _2ddc
_cGR
999 _c45686
_d45686